Sports Quiz

Random Sports Quiz

Bundesliga Manager Nationalities Quiz Stats

 Plays Quiz not verified by Sporcle

Also try: Tennis #1 or Not
Challenge
Share
Tweet
Embed
Score 0/7 Timer 01:00
0 Plays Today
Number of Managers Nationality % Correct
11 ManagersGerman
100%
1 ManagerItalian
84.2%
2 ManagersAustrian
78.9%
1 Manager Swiss
69.1%
1 ManagerFrench
62.1%
1 ManagerCroatian
36.8%
1 ManagerHungarian
35.5%

You're not logged in!

Compare scores with friends on all Sporcle quizzes.
OR
Log In

You Might Also Like...

Show Comments

Extras

Top Quizzes Today


Score Distribution

Your Account Isn't Verified!

In order to create a playlist on Sporcle, you need to verify the email address you used during registration. Go to your Sporcle Settings to finish the process.

Report this User

Report this user for behavior that violates our Community Guidelines.

Details: